LDR 00744naa#a2200193#i#450# 001 EN\\bibl\123353 005 20260706020713.1 011 ## _a1994-4683 100 ## _a20230731b2023####ek#y0engy0150####ca 102 ## _aRU 200 1# _aRESOURCES OF THE STUDENT SPORTS CLUB IN THE ASPECT OF INCREASING THE MOTIVATION OF UNDERGRADUATES TO ENGAGE IN PHYSICAL CULTURE _eJournal article 210 1# _aMoscow _cNational State University of Physical Education, Sports and Health named after P.F. Lesgaft _d2023 215 ## _a3 с. 608 ## _aJournal article _2local 675 ## _aОрганизация и руководство спортом. 796.062 _z 700 #1 _aBobrova _gG V 700 #1 _aKuptsova _gV G 700 #1 _aLakhina _gE M 856 4# _auchzapiski.lesgaft.spb.ru _u